|
|
|
|
| LEADER |
00000nbm0a2200000 4500 |
| 001 |
148153 |
| 005 |
20231031145330.0 |
| 029 |
0 |
0 |
|a SU
|b 13025580
|f ТПУ
|
| 035 |
|
|
|a (RuTPU)RU\TPU\book\160604
|
| 090 |
|
|
|a 148153
|
| 100 |
|
|
|a 20081127d1973 k y0rusy50 ca
|
| 101 |
0 |
|
|a rus
|
| 102 |
|
|
|a RU
|
| 105 |
|
|
|a a p 001zy
|
| 200 |
1 |
|
|a Синтез фоточувствительного материала
|e Отчет о НИР
|
| 210 |
|
|
|a Томск
|d 1973
|
| 215 |
|
|
|a 78 л.
|
| 320 |
|
|
|a Библиогр.: с. 60-78.
|
| 610 |
1 |
|
|a отчеты о НИР
|
| 610 |
1 |
|
|a фоточувствительные материалы
|
| 610 |
1 |
|
|a синтез
|
| 610 |
1 |
|
|a полимеры
|
| 610 |
1 |
|
|a сополимеры
|
| 610 |
1 |
|
|a карбазолы
|
| 610 |
1 |
|
|a виниловые мономеры
|
| 610 |
1 |
|
|a свойства
|
| 610 |
1 |
|
|a полимеризация
|
| 610 |
1 |
|
|a сополимеризация
|
| 610 |
1 |
|
|a электрофотографические характеристики
|
| 675 |
|
|
|a 679.56.01(04)
|v 3
|
| 675 |
|
|
|a 678.02(04)
|v 3
|
| 675 |
|
|
|a 77.021(04)
|v 3
|
| 702 |
|
1 |
|a Сироткина
|b Е. Е.
|4 673
|
| 712 |
0 |
2 |
|a Томский политехнический институт (ТПИ)
|c (1944-1991)
|2 stltpush
|3 (RuTPU)RU\TPU\col\1123
|4 595
|
| 801 |
|
1 |
|a RU
|b 63413507
|c 20081127
|g PSBO
|
| 801 |
|
2 |
|a RU
|b 63413507
|c 20121212
|g PSBO
|
| 942 |
|
|
|c BK
|